Main Eventers of Wrestlemania - Sudden Death - Statistics

General Stats
  • This quiz has been taken 95 times
  • The average score is 9 of 24
Answers on the Grid
Answers color-coded by a green-red scale on the quiz's grid according to % correct below.
AJ Styles
Andre The Giant
Batista
Beyonce
Bret Hart
Brock Lesnar
Bruce Lee
Bruno Sammartino
Charlotte Flair
Chris Jericho
Chyna
CM Punk
Cody Rhodes
Daniel Bryan
Dennis Rodman
Donald Trump
Dusty Rhodes
Edge
Goldberg
Hulk Hogan
Jean-Claude Van Damme
Jeff Hardy
John Cena
Kamala Harris
Kane
Kurt Angle
Lawrence Taylor
Mickey Rourke
Mr. T
OJ Simpson
Randy Orton
Randy Savage
Ric Flair
Rob Van Dam
Roman Reigns
Ronda Rousey
Samoa Joe
Shawn Michaels
Sting
Stone Cold Steve Austin
Sylvester Stallone
The Great Khali
The Notorious B.I.G.
The Rock
The Undertaker
Triple H
Vicky Guerrero
Wilt Chamberlain
 
Answer Stats
Answer % Correct
Andre The Giant
82%
Batista
76%
Brock Lesnar
71%
Bret Hart
59%
Charlotte Flair
47%
Chris Jericho
47%
AJ Styles
41%
Cody Rhodes
41%
Daniel Bryan
35%
Edge
35%
Hulk Hogan
35%
John Cena
35%
Stone Cold Steve Austin
35%
The Rock
35%
Kurt Angle
29%
Randy Orton
29%
Randy Savage
29%
Roman Reigns
29%
Ronda Rousey
29%
The Undertaker
29%
Triple H
29%
Lawrence Taylor
24%
Shawn Michaels
24%
Mr. T
18%
No matching quizzes found
Score Distribution
Percent of People with Each Score
Percentile by Number Answered
Your Score History
You have not taken this quiz